书目信息 |
| 题名: |
全脑英语风暴
|
|
| 作者: | 王华斌 著 | |
| 分册: | ||
| 出版信息: | 北京 中国经济出版社 2007.01 |
|
| 页数: | 215页 | |
| 开本: | 21cm | |
| 丛书名: | ||
| 单 册: | ||
| 中图分类: | H31 | |
| 科图分类: | ||
| 主题词: | 英语--ying yu--教材 | |
| 电子资源: | ||
| ISBN: | 978-7-5017-7742-6 | |
| 000 | 00980nam0 2200265 450 | |
| 001 | 012007595290 | |
| 005 | 20071109113352.81 | |
| 010 | @a978-7-5017-7742-6@dCNY22.00 | |
| 100 | @a20071109d2007 km y0chiy0120 ea | |
| 101 | 0 | @achi@aeng |
| 102 | @aCN@b110000 | |
| 105 | @ay z 000yy | |
| 106 | @ar | |
| 200 | 1 | @a全脑英语风暴@Aquan nao ying yu feng bao@f王华斌著@Fwang hua bin zhu |
| 210 | @a北京@c中国经济出版社@d2007.01 | |
| 215 | @a215页@d21cm | |
| 300 | @a教育部全国教育科学十五规划课题“全脑教育”科研成果 | |
| 312 | @a封面副题名: 成功的秘密是方法 | |
| 330 | @a本书编辑了学者信的管理科学、工业工程与管理工程、系统工程、信息管理与管理信息系统、工程管理、科技管理学科研究范围内, 管理学前沿、经济学前沿和科学研究方法论前沿方面的创新研究成果。 | |
| 517 | 1 | @a成功的秘密是方法@Acheng gong de mi mi shi fang fa |
| 606 | 0 | @a英语@Aying yu@j教材 |
| 690 | @aH31@v4 | |
| 701 | 0 | @a王华斌@Awang hua bin@4著 |
| 801 | 0 | @aCN@b@c20071109 |
| 905 | @b267719-21@dH31@eW210@f3 | |
| 全脑英语风暴/王华斌著.-北京:中国经济出版社,2007.01 |
| 215页;21cm |
| 教育部全国教育科学十五规划课题“全脑教育”科研成果 |
| ISBN 978-7-5017-7742-6:CNY22.00 |
| 本书编辑了学者信的管理科学、工业工程与管理工程、系统工程、信息管理与管理信息系统、工程管理、科技管理学科研究范围内, 管理学前沿、经济学前沿和科学研究方法论前沿方面的创新研究成果。 |
| ● |
| 相关链接 |
|
|
|
正题名:全脑英语风暴
索取号:H31/W210
 
预约/预借
| 序号 | 登录号 | 条形码 | 馆藏地/架位号 | 状态 | 备注 |
| 1 | 267719 | 202677193 | 语言库209/209语言库 86排4列6层/ [索取号:H31/W210] | 在馆 | |
| 2 | 267720 | 202677200 | 语言库209/209语言库 86排4列6层/ [索取号:H31/W210] | 在馆 | |
| 3 | 267721 | 202677219 | 语言库209/209语言库 86排4列6层/ [索取号:H31/W210] | 在馆 |